[Event "Titled Tue 24th Jun Early"]
[Site "chess.com INT"]
[Date "2025.06.24"]
[Round "1"]
[White "Szpar, Milosz"]
[Black "Cervantes Landeiro, Thalia"]
[Result "1-0"]
[WhiteTitle "IM"]
[BlackTitle "FM"]
[WhiteElo "2495"]
[BlackElo "2278"]
[WhiteFideId "1184989"]
[BlackFideId "3520498"]
[EventDate "2025.06.24"]

1. e4 c5 2. Nf3 Nc6 3. d4 cxd4 4. Nxd4 e5 5. Nb5 d6 6. c4 g6 7. Bd3 a6 8. N5c3
Bg7 9. Nd5 Nf6 10. Nbc3 Nd4 11. O-O Nxd5 12. Nxd5 O-O 13. Be3 f5 14. Bxd4 exd4
15. exf5 Bxf5 16. Bxf5 Rxf5 17. Qb3 Rb8 18. Rfe1 Re5 19. f4 Rxe1+ 20. Rxe1 Kh8
21. a4 h6 22. Qd3 Qh4 23. Re6 Rf8 24. Ne7 Rf6 25. Nxg6+ Rxg6 26. Qxg6 1-0

[Event "Titled Tue 24th Jun Early"]
[Site "chess.com INT"]
[Date "2025.06.24"]
[Round "1"]
[White "Pranesh, M"]
[Black "Tamer Waguih, Farid"]
[Result "1-0"]
[WhiteTitle "GM"]
[BlackTitle "FM"]
[WhiteElo "2580"]
[BlackElo "2300"]
[WhiteFideId "35028600"]
[BlackFideId "10685723"]
[EventDate "2025.06.24"]

1. Nf3 c5 2. g3 Nc6 3. Bg2 g6 4. O-O Bg7 5. c4 Nf6 6. Nc3 O-O 7. d4 cxd4 8. Nxd4
Nxd4 9. Qxd4 d6 10. Qh4 a6 11. Rd1 Qc7 12. b3 Be6 13. Bh6 Rac8 14. Rd3 Bf5 15.
Bxg7 Kxg7 16. e4 Be6 17. Re1 Qc5 18. Nd5 Bxd5 19. exd5 Rfe8 20. g4 h6 21. Rh3
Ng8 22. g5 h5 23. Rhe3 Qc7 24. Bf3 b5 25. Qd4+ Kh7 26. Bxh5 gxh5 27. Rh3 f6 28.
Rxh5+ Kg6 29. Qg4 Kf7 30. g6+ Kf8 31. Qe6 1-0

[Event "Titled Tue 24th Jun Early"]
[Site "chess.com INT"]
[Date "2025.06.24"]
[Round "1"]
[White "Smieszek, Wojciech"]
[Black "Tari, Aryan"]
[Result "0-1"]
[WhiteTitle "CM"]
[BlackTitle "GM"]
[WhiteElo "2141"]
[BlackElo "2636"]
[WhiteFideId "1156047"]
[BlackFideId "1510045"]
[EventDate "2025.06.24"]

1. e4 e5 2. Nf3 Nc6 3. Bb5 Nge7 4. O-O Ng6 5. c3 d5 6. d3 Be7 7. Qe2 O-O 8. Rd1
Be6 9. Be3 f5 10. exf5 Bxf5 11. d4 Bg4 12. h3 Bxf3 13. gxf3 Bg5 14. dxe5 Ncxe5
15. Nd2 Nh4 16. f4 Qc8 17. Kh2 Rxf4 18. Qh5 Rf5 19. Bxg5 Rxf2+ 20. Kg3 Rg2+ 21.
Kf4 Qf5+ 22. Ke3 Qf2# 0-1

[Event "Titled Tue 24th Jun Early"]
[Site "chess.com INT"]
[Date "2025.06.24"]
[Round "1"]
[White "Aranda, Juan Manuel"]
[Black "Cernov, Henrik"]
[Result "0-1"]
[WhiteTitle "CM"]
[BlackTitle "FM"]
[WhiteElo "2134"]
[BlackElo "2325"]
[WhiteFideId "160458"]
[BlackFideId "16258312"]
[EventDate "2025.06.24"]

1. Nf3 d5 2. g3 Nd7 3. Bg2 e5 4. d3 Ngf6 5. O-O c6 6. c4 Be7 7. cxd5 cxd5 8. Nc3
O-O 9. Qb3 d4 10. Nd5 Nxd5 11. Qxd5 Bf6 12. Bd2 Nb6 13. Qxd8 Rxd8 14. Rfc1 Bd7
15. Rc7 Bc6 16. Bg5 Nd5 17. Bxf6 gxf6 18. Rxc6 bxc6 19. Rc1 Rab8 20. Rc2 Nb4 21.
Rc4 Nxa2 22. Rxc6 Rb6 23. Rc7 Rxb2 24. Rxa7 Nc3 25. h4 Rxe2 26. h5 h6 27. Nh4 e4
28. Nf5 Rf8 29. Nxd4 exd3 0-1

[Event "Titled Tue 24th Jun Early"]
[Site "chess.com INT"]
[Date "2025.06.24"]
[Round "1"]
[White "Emeliantsev, Anatoliy"]
[Black "Rojas Alarcon, Julian Antonio"]
[Result "1-0"]
[WhiteTitle "FM"]
[BlackTitle "FM"]
[WhiteElo "2359"]
[BlackElo "2365"]
[WhiteFideId "4160681"]
[BlackFideId "5107407"]
[EventDate "2025.06.24"]

1. d4 Nf6 2. c4 e6 3. Nc3 Bb4 4. a3 Bxc3+ 5. bxc3 d6 6. e4 c5 7. Bd3 Nc6 8. Ne2
b6 9. O-O Ba6 10. f4 Na5 11. e5 Nd7 12. f5 exf5 13. Ng3 g6 14. exd6 O-O 15. Nxf5
gxf5 16. Bxf5 f6 17. Bxh7+ Kxh7 18. Qh5+ Kg7 19. Bh6+ Kh7 20. Bxf8+ Kg8 21. Be7
Qe8 22. Qg4+ Kf7 23. Bxf6 Nxf6 24. Rxf6+ Kxf6 25. Rf1# 1-0

[Event "Titled Tue 24th Jun Early"]
[Site "chess.com INT"]
[Date "2025.06.24"]
[Round "1"]
[White "Brown, Akeem"]
[Black "Bjerre, Jonas Buhl"]
[Result "0-1"]
[WhiteTitle "CM"]
[BlackTitle "GM"]
[WhiteElo "2055"]
[BlackElo "2651"]
[WhiteFideId "7402023"]
[BlackFideId "1444948"]
[EventDate "2025.06.24"]

1. e4 c5 2. Nf3 g6 3. d4 cxd4 4. Nxd4 Bg7 5. Nc3 Nc6 6. Be3 Nf6 7. Bc4 O-O 8.
Bb3 a5 9. a4 Nxd4 10. Bxd4 d6 11. O-O Bd7 12. Re1 Bc6 13. Nd5 Bxd5 14. exd5 Nd7
15. Bxg7 Kxg7 16. Qe2 Ne5 17. f4 Nd7 18. Qxe7 Qb6+ 19. Qe3 Qb4 20. Rad1 Rfe8 21.
Qc3+ Qxc3 22. bxc3 Nc5 23. Bc4 Rxe1+ 24. Rxe1 Nxa4 25. Rb1 Nxc3 26. Rb3 Ne4 27.
Rxb7 a4 28. Rb4 a3 29. Rb1 Nd2 0-1

[Event "Titled Tue 24th Jun Early"]
[Site "chess.com INT"]
[Date "2025.06.24"]
[Round "1"]
[White "Andreev, Konstantin"]
[Black "Lugo, Blas"]
[Result "1-0"]
[WhiteTitle "FM"]
[BlackTitle "IM"]
[WhiteElo "2208"]
[BlackElo "2399"]
[WhiteFideId "24239305"]
[BlackFideId "2011263"]
[EventDate "2025.06.24"]

1. e4 e5 2. Nf3 Nc6 3. Bc4 Nf6 4. d3 Bc5 5. O-O d6 6. c3 Bb6 7. Bb3 h6 8. Nbd2
O-O 9. h3 Be6 10. Bc2 Qd7 11. Re1 Nh7 12. Nf1 f5 13. exf5 Bxf5 14. Ng3 Bg6 15.
Be3 Kh8 16. Nh4 Bf7 17. d4 exd4 18. cxd4 Rae8 19. Qd3 Nf6 20. a3 a5 21. Ngf5 g5
22. Nxh6 gxh4 23. Bg5 Bd5 24. Bxf6+ Rxf6 25. Rxe8+ Qxe8 26. Qh7# 1-0

[Event "Titled Tue 24th Jun Early"]
[Site "chess.com INT"]
[Date "2025.06.24"]
[Round "1"]
[White "Ambartsumova, Karina"]
[Black "Sarkar, Justin"]
[Result "1-0"]
[WhiteTitle "IM"]
[BlackTitle "IM"]
[WhiteElo "2403"]
[BlackElo "2284"]
[WhiteFideId "4166299"]
[BlackFideId "2010011"]
[EventDate "2025.06.24"]

1. Nf3 Nf6 2. c4 e6 3. Nc3 d5 4. e3 Be7 5. b3 O-O 6. Bb2 b6 7. Rc1 Bb7 8. cxd5
exd5 9. d4 Nbd7 10. Bd3 Ne4 11. O-O a6 12. Ne5 Nxe5 13. dxe5 f5 14. f3 Nc5 15.
Bb1 Ne6 16. Ne2 c5 17. Qd2 Qd7 18. Rfd1 Rad8 19. a4 Qe8 20. Ng3 g6 21. Ba2 f4
22. exf4 Nxf4 23. Qc2 Kg7 24. Re1 d4 25. Ne4 Nd5 26. Qd2 Qd7 27. Bb1 Kg8 28. Qh6 1-0

[Event "Titled Tue 24th Jun Early"]
[Site "chess.com INT"]
[Date "2025.06.24"]
[Round "1"]
[White "Harshavardhan, G B"]
[Black "Suarez, Pedro"]
[Result "1-0"]
[WhiteTitle "IM"]
[BlackTitle "CM"]
[WhiteElo "2472"]
[BlackElo "2066"]
[WhiteFideId "25059009"]
[BlackFideId "3007642"]
[EventDate "2025.06.24"]

1. Nf3 Nf6 2. g3 g6 3. Bg2 Bg7 4. O-O O-O 5. b3 d6 6. d4 Nbd7 7. Bb2 Re8 8. Nbd2
e5 9. dxe5 Nxe5 10. Nxe5 dxe5 11. e4 Be6 12. Qe2 Nd7 13. Nc4 Qe7 14. Rad1 Rad8
15. a4 b6 16. a5 b5 17. Ne3 a6 18. Nd5 Bxd5 19. Rxd5 c6 20. Rd2 Nc5 21. Rfd1 Qc7
22. Qe1 Qxa5 23. b4 Qxb4 24. Ba3 Qxa3 25. Rxd8 Rxd8 26. Rxd8+ Bf8 27. h4 Ne6 28.
Ra8 h5 29. Qd2 Nd4 30. c3 Ne6 31. Bh3 Nc5 32. Qd6 1-0

[Event "Titled Tue 24th Jun Early"]
[Site "chess.com INT"]
[Date "2025.06.24"]
[Round "1"]
[White "Dinesh, Rajan M"]
[Black "Rieger, Robert"]
[Result "0-1"]
[WhiteTitle "CM"]
[BlackTitle "FM"]
[WhiteElo "2133"]
[BlackElo "2334"]
[WhiteFideId "35060600"]
[BlackFideId "1625527"]
[EventDate "2025.06.24"]

1. Nf3 Nf6 2. d4 d5 3. c4 c6 4. cxd5 cxd5 5. e3 Nc6 6. Be2 Bg4 7. O-O e6 8. Nbd2
Bd6 9. h3 Bh5 10. a3 O-O 11. b4 Rc8 12. Bb2 Ne7 13. Ne5 Bxe2 14. Qxe2 Rc2 15.
Rab1 Bxe5 16. dxe5 Ne4 17. Rfd1 Qc7 18. Qd3 Nxd2 19. Rxd2 Rc4 20. Bd4 Nc6 21.
Rc2 Nxd4 22. Rxc4 Ne2+ 23. Qxe2 dxc4 24. b5 Rc8 25. f4 Qc5 26. a4 c3 27. Rc1 Rd8
28. Rc2 h5 29. Kf2 g6 30. Kf3 b6 31. g4 hxg4+ 32. hxg4 Kg7 33. Qe1 Rd3 34. Qf2
Qd5+ 35. Kg3 Rd2 36. e4 Qd3+ 37. Kh4 Rxf2 38. Rxf2 c2 39. Kg5 c1=Q 40. Rh2 Qde3 0-1

[Event "Titled Tue 24th Jun Early"]
[Site "chess.com INT"]
[Date "2025.06.24"]
[Round "1"]
[White "Mendonca, Leon Luke"]
[Black "Reprintsev, Alexander"]
[Result "1-0"]
[WhiteTitle "GM"]
[BlackTitle "IM"]
[WhiteElo "2603"]
[BlackElo "2256"]
[WhiteFideId "35028561"]
[BlackFideId "14100541"]
[EventDate "2025.06.24"]

1. c4 e5 2. d3 g6 3. Nc3 Bg7 4. g3 d6 5. Bg2 Nc6 6. e3 Nge7 7. Nge2 Be6 8. Nd5
O-O 9. O-O Qd7 10. Rb1 Nd8 11. b4 c6 12. Nxe7+ Qxe7 13. b5 c5 14. a4 Rc8 15. a5
h6 16. Nc3 f5 17. Nd5 Qf7 18. f4 Kh7 19. Bb2 exf4 20. gxf4 Bxb2 21. Rxb2 Qg7 22.
Rbf2 Bg8 23. Kh1 Ne6 24. Rg1 Rf7 25. Bh3 Qf8 26. Rfg2 Rg7 27. Qe1 Re8 28. Qh4 h5
29. Nf6+ Kh8 30. Bxf5 gxf5 31. Qxh5+ Rh7 32. Rxg8+ Qxg8 33. Rxg8+ 1-0

[Event "Titled Tue 24th Jun Early"]
[Site "chess.com INT"]
[Date "2025.06.24"]
[Round "1"]
[White "Guerrero Cataldo, Juan Andres"]
[Black "Harsh, Suresh"]
[Result "1-0"]
[WhiteTitle "CM"]
[BlackTitle "IM"]
[WhiteElo "2082"]
[BlackElo "2392"]
[WhiteFideId "3421260"]
[BlackFideId "45018464"]
[EventDate "2025.06.24"]

1. d4 Nf6 2. Nf3 e6 3. g3 b5 4. Bg2 Bb7 5. O-O c5 6. e3 Be7 7. b3 O-O 8. Bb2 Qc7
9. Nbd2 d6 10. c4 a6 11. Qe2 Nbd7 12. Rac1 b4 13. a4 Ne4 14. Nxe4 Bxe4 15. Nd2
Bxg2 16. Kxg2 Rac8 17. Rfd1 Rfd8 18. Qf3 Qc6 19. Qxc6 Rxc6 20. Ne4 cxd4 21. Bxd4
f5 22. Nd2 e5 23. Bb2 Nc5 24. Ba1 Kf7 25. Rb1 Bf6 26. Nf3 e4 27. Nd4 Bxd4 28.
Bxd4 Nd3 29. Rd2 d5 30. cxd5 Rxd5 31. Rf1 1-0

[Event "Titled Tue 24th Jun Early"]
[Site "chess.com INT"]
[Date "2025.06.24"]
[Round "1"]
[White "Agarwal, Amaya"]
[Black "Przybylski, Bartosz"]
[Result "0-1"]
[WhiteTitle "WCM"]
[BlackTitle "CM"]
[WhiteElo "2004"]
[BlackElo "2101"]
[WhiteFideId "48733580"]
[BlackFideId "21878323"]
[EventDate "2025.06.24"]

1. e4 d6 2. d4 Nf6 3. Nc3 Nbd7 4. Be3 e5 5. Nf3 c6 6. Be2 b5 7. a3 a5 8. O-O Bb7
9. Re1 b4 10. axb4 axb4 11. Rxa8 Qxa8 12. Nb1 Nxe4 13. Nbd2 Nxd2 14. Qxd2 e4 15.
Ng5 d5 16. Bg4 Nf6 17. Qe2 h6 18. Nh3 Ba6 19. Qd1 Be7 20. Be2 O-O 21. Bxa6 Qxa6
22. Nf4 Ra8 23. Qd2 Qa2 24. b3 Qb2 25. h3 Ra2 26. Rc1 Qc3 27. Qxc3 bxc3 28. Ne2
Bb4 29. f3 exf3 30. gxf3 Ne8 31. Kf2 Nd6 32. Bf4 Nb5 33. Be5 Ba3 34. Rd1 Rxc2
35. Ke3 Rb2 36. Kd3 Rxe2 37. Kxe2 c2 38. Ra1 c1=Q 39. Rxc1 Bxc1 40. Kd1 Be3 41.
Ke2 Bxd4 42. Bxd4 Nxd4+ 43. Kd3 Nxb3 44. Kc3 Nc5 45. Kd4 Ne6+ 46. Ke5 d4 47. Kd6
g6 48. Kxc6 d3 49. Kd7 d2 50. Ke8 d1=Q 51. f4 Qd8# 0-1

[Event "Titled Tue 24th Jun Early"]
[Site "chess.com INT"]
[Date "2025.06.24"]
[Round "1"]
[White "Moreira, Ronaldo Alonso"]
[Black "Zhakshylykov, Erzhan"]
[Result "0-1"]
[BlackTitle "IM"]
[WhiteElo "2094"]
[BlackElo "2362"]
[WhiteFideId "2110547"]
[BlackFideId "13804111"]
[EventDate "2025.06.24"]

1. d4 Nf6 2. c4 e6 3. Nc3 d5 4. cxd5 exd5 5. Bg5 c6 6. e3 Be7 7. Bd3 O-O 8. Nf3
Nbd7 9. O-O Re8 10. Qc2 Nf8 11. Rae1 Ng6 12. e4 Nxe4 13. Bxe7 Rxe7 14. Nxe4 dxe4
15. Rxe4 Bf5 16. Rxe7 Bxd3 17. Qxd3 Qxe7 18. Re1 Qd7 19. Qe4 Nf8 20. Ne5 Qe6 21.
a3 Re8 22. f3 Qb3 23. h3 f6 24. Qd3 Qd5 0-1

[Event "Titled Tue 24th Jun Early"]
[Site "chess.com INT"]
[Date "2025.06.24"]
[Round "1"]
[White "Garrido, Denis"]
[Black "Izafatava, Kira"]
[Result "1-0"]
[WhiteTitle "FM"]
[BlackTitle "WCM"]
[WhiteElo "2230"]
[BlackElo "2036"]
[WhiteFideId "601217"]
[BlackFideId "13521705"]
[EventDate "2025.06.24"]

1. e4 c5 2. Nf3 e6 3. d4 cxd4 4. Nxd4 a6 5. c4 Nf6 6. Nc3 Bb4 7. Qd3 O-O 8. e5
Ne8 9. Be3 Nc6 10. Nxc6 bxc6 11. a3 Be7 12. Be2 f6 13. exf6 Nxf6 14. O-O d5 15.
Rad1 Bb7 16. b4 Kh8 17. Na4 Qc7 18. Bb6 Qf4 19. Be3 Qe5 20. Rfe1 Rad8 21. Bd4
Qe4 22. Bxf6 Qxd3 23. Bxg7+ Kxg7 24. Bxd3 Bc8 25. cxd5 cxd5 26. Rc1 Bf6 27. Rc7+
Rd7 28. Rec1 Bd4 29. Rxc8 Rxf2 30. Kh1 Rd2 31. Bxa6 e5 32. h3 e4 33. Nc5 Re7 34.
Nb3 e3 35. R8c7 Kf7 36. Rxe7+ Kxe7 37. Nxd2 exd2 38. Rd1 Be3 39. Bd3 1-0

[Event "Titled Tue 24th Jun Early"]
[Site "chess.com INT"]
[Date "2025.06.24"]
[Round "1"]
[White "Rustemov, Alexander"]
[Black "Wahedi, Ahmad Siar"]
[Result "1-0"]
[WhiteTitle "GM"]
[BlackTitle "FM"]
[WhiteElo "2525"]
[BlackElo "2239"]
[WhiteFideId "4119002"]
[BlackFideId "4651260"]
[EventDate "2025.06.24"]

1. d4 e6 2. c4 Nf6 3. Nf3 Bb4+ 4. Bd2 a5 5. g3 O-O 6. Bg2 d5 7. Qc2 c6 8. O-O
Ne4 9. Bf4 Bd6 10. Bxd6 Qxd6 11. Ne5 f5 12. Nd2 Nd7 13. Ndf3 Ndf6 14. b3 Bd7 15.
a3 Be8 16. Qb2 Bh5 17. b4 axb4 18. axb4 Bxf3 19. Bxf3 Ng5 20. Bg2 Nf7 21. c5 Qc7
22. Nd3 b5 23. Ra3 Qb7 24. Rfa1 Rxa3 25. Qxa3 g5 26. e3 Re8 27. Qa6 Qd7 28. Qb6
e5 29. Ra7 Qe6 30. Rc7 exd4 31. Rxc6 Qe7 32. Rxf6 dxe3 33. Bxd5 exf2+ 34. Nxf2 1-0

[Event "Titled Tue 24th Jun Early"]
[Site "chess.com INT"]
[Date "2025.06.24"]
[Round "1"]
[White "Otsuka, Shou"]
[Black "Wael Sabry, Mina"]
[Result "0-1"]
[WhiteTitle "FM"]
[BlackTitle "FM"]
[WhiteElo "2362"]
[BlackElo "2107"]
[WhiteFideId "7004702"]
[BlackFideId "10670173"]
[EventDate "2025.06.24"]

1. Nf3 Nf6 2. g3 g6 3. Bg2 Bg7 4. O-O O-O 5. d3 d5 6. c4 c5 7. Nc3 Nc6 8. Bf4
dxc4 9. dxc4 Be6 10. Qa4 Qb6 11. Qb5 Nd4 12. Nxd4 cxd4 13. Qxb6 axb6 14. Nd5
Nxd5 15. cxd5 Bd7 16. a3 Bb5 17. Rfe1 Rac8 18. Rac1 Rxc1 19. Rxc1 Bxe2 20. Rc7
d3 21. Rxe7 Bxb2 22. d6 Bxa3 23. Bd5 Bxd6 24. Bxd6 d2 25. Bb3 d1=Q+ 26. Bxd1
Bxd1 27. Re1 Bf3 28. Bxf8 Kxf8 29. Rb1 Ke7 30. Rxb6 Bc6 31. f4 Kd6 32. Kf2 Kc5
33. Rb1 b5 34. Ke3 b4 35. Rc1+ Kb5 36. Kd4 Bd7 37. Rb1 Be6 38. Ke5 b3 39. Kd4
Kb4 40. Rb2 h5 0-1

[Event "Titled Tue 24th Jun Early"]
[Site "chess.com INT"]
[Date "2025.06.24"]
[Round "1"]
[White "Pribelszky, Bence"]
[Black "Amarasinghe, A A C B"]
[Result "1-0"]
[WhiteTitle "IM"]
[BlackTitle "CM"]
[WhiteElo "2396"]
[BlackElo "1922"]
[WhiteFideId "769738"]
[BlackFideId "9901809"]
[EventDate "2025.06.24"]

1. e4 c5 2. Nf3 d6 3. d4 cxd4 4. Nxd4 Nf6 5. Nc3 a6 6. Bg5 e6 7. f4 Qb6 8. Qd2
Qxb2 9. Rb1 Qa3 10. f5 Nc6 11. Bc4 Ne5 12. Bb3 exf5 13. exf5 Be7 14. O-O Qc5 15.
Kh1 O-O 16. Bxf6 Bxf6 17. Ne4 Nc4 18. Nxf6+ gxf6 19. Qf4 Ne5 20. Rbd1 b5 21. Qh6
Ng4 22. Qh4 Ne3 23. Qg3+ Kh8 24. Qxe3 Bb7 25. Qh6 Rg8 26. Qxf6+ Rg7 27. Nf3 a5
28. Bxf7 Bxf3 29. Rxf3 Rf8 30. Rg3 Qe5 31. Qxe5 dxe5 32. Rxg7 Kxg7 33. Be6 1-0

[Event "Titled Tue 24th Jun Early"]
[Site "chess.com INT"]
[Date "2025.06.24"]
[Round "1"]
[White "Asensio Ramos, Enrique Fernando"]
[Black "Rushbrooke, Remy"]
[Result "1-0"]
[WhiteTitle "CM"]
[WhiteElo "2200"]
[BlackElo "2090"]
[WhiteFideId "2214172"]
[BlackFideId "443590"]
[EventDate "2025.06.24"]

1. d4 d5 2. Nc3 Nf6 3. Bf4 e6 4. Nb5 Na6 5. e3 Be7 6. h4 O-O 7. h5 c5 8. a4 h6
9. c3 Bd7 10. Bd3 c4 11. Bb1 Bxb5 12. axb5 Nc7 13. Qc2 Nxb5 14. Be5 Ne4 15. f3
Bh4+ 16. g3 Qg5 17. Rxh4 Qxe3+ 18. Kf1 Nd2+ 19. Kg2 Nxb1 20. Rxb1 Qg5 21. Rg4 f6
22. Rxg5 hxg5 23. Qg6 fxe5 24. Qxe6+ Kh8 25. Qxd5 Nc7 26. Qxe5 Ne8 1-0

[Event "Titled Tue 24th Jun Early"]
[Site "chess.com INT"]
[Date "2025.06.24"]
[Round "1"]
[White "Purushothaman, Thirumalai"]
[Black "Khegay, Dmitriy"]
[Result "0-1"]
[WhiteTitle "FM"]
[BlackTitle "GM"]
[WhiteElo "2027"]
[BlackElo "2507"]
[WhiteFideId "5012791"]
[BlackFideId "24153729"]
[EventDate "2025.06.24"]

1. e4 c5 2. c3 d5 3. exd5 Qxd5 4. d4 g6 5. Nf3 cxd4 6. cxd4 Bg7 7. Nc3 Qd8 8.
Be2 Nf6 9. O-O O-O 10. Bf4 Nd5 11. Nxd5 Qxd5 12. Rc1 Nc6 13. Bc4 Qf5 14. Be3 Rd8
15. Re1 Be6 16. Bxe6 Qxe6 17. b3 Qd7 18. Rc2 Nxd4 19. Bxd4 Bxd4 20. Rd2 e5 21.
Nxe5 Bxf2+ 22. Kxf2 Qxd2+ 23. Qxd2 Rxd2+ 24. Re2 Rxe2+ 25. Kxe2 Re8 0-1

[Event "Titled Tue 24th Jun Early"]
[Site "chess.com INT"]
[Date "2025.06.24"]
[Round "1"]
[White "Manukian, Artak"]
[Black "Nguyen, Ngoc Truong Son"]
[Result "0-1"]
[BlackTitle "GM"]
[WhiteElo "2104"]
[BlackElo "2600"]
[WhiteFideId "13301373"]
[BlackFideId "12401110"]
[EventDate "2025.06.24"]

1. e4 e5 2. Nf3 Nc6 3. d4 exd4 4. Nxd4 Nf6 5. Nxc6 bxc6 6. e5 Qe7 7. Qe2 Nd5 8.
c4 Nb6 9. b3 a5 10. a4 Qe6 11. Nc3 Bb4 12. Bb2 d5 13. exd6 cxd6 14. O-O-O O-O
15. Qxe6 fxe6 16. f3 d5 17. cxd5 exd5 18. Bd3 Be6 19. Rhe1 Bf7 20. Re2 d4 21.
Ne4 Bxb3 22. Bc2 Bxc2 23. Rxc2 Nxa4 24. Bxd4 Rab8 25. Rxc6 Rfc8 26. Rxc8+ Rxc8+
27. Kb1 h6 28. Be5 Nb6 29. Bd6 Rd8 30. Kc2 Nc4 31. Bf4 Na3+ 32. Kc1 Rc8+ 33. Kb2
Rc2+ 34. Kb3 Rxg2 35. Rd7 Nc2 36. Be5 Ne1 37. Ng3 Bf8 38. Nf5 Nxf3 39. Bxg7 Bxg7 0-1

[Event "Titled Tue 24th Jun Early"]
[Site "chess.com INT"]
[Date "2025.06.24"]
[Round "1"]
[White "Miranda Camus, Joaquin Ignacio"]
[Black "Salonen, Aku"]
[Result "0-1"]
[WhiteTitle "FM"]
[BlackTitle "FM"]
[WhiteElo "2196"]
[BlackElo "2330"]
[WhiteFideId "3449300"]
[BlackFideId "517577"]
[EventDate "2025.06.24"]

1. d4 Nf6 2. Nf3 d5 3. c3 e6 4. Bf4 Bd6 5. e3 O-O 6. Bd3 c5 7. Nbd2 Qc7 8. Bxd6
Qxd6 9. Ne5 Nc6 10. f4 b6 11. O-O Bb7 12. Qf3 Ne7 13. g4 Nd7 14. Qh3 g6 15. Ndf3
f6 16. Nxd7 Qxd7 17. g5 Nf5 18. Rae1 cxd4 19. exd4 Rae8 20. gxf6 Rxf6 21. Ne5
Qg7 22. Ng4 Rff8 23. Bxf5 gxf5 24. Kh1 fxg4 25. Qh4 Rf5 26. Rg1 h5 27. h3 Kf7
28. hxg4 hxg4 29. Rxg4 Qh8 30. Reg1 Rh5 31. Rg7+ Qxg7 32. Rxg7+ Kxg7 33. Qxh5
Rh8 34. Qxh8+ Kxh8 35. Kg2 Kg7 36. Kf2 Kf6 37. b3 Kf5 38. Ke3 a5 39. c4 dxc4 40.
bxc4 Ba6 41. c5 bxc5 42. dxc5 Bb7 43. a3 Bd5 44. a4 Bc6 45. Kd4 Bxa4 0-1

[Event "Titled Tue 24th Jun Early"]
[Site "chess.com INT"]
[Date "2025.06.24"]
[Round "1"]
[White "Kozlov, Oleg"]
[Black "Toroptseva, Yevheniia"]
[Result "1-0"]
[WhiteTitle "IM"]
[BlackTitle "WFM"]
[WhiteElo "2253"]
[BlackElo "2104"]
[WhiteFideId "4104544"]
[BlackFideId "34109374"]
[EventDate "2025.06.24"]

1. d4 d5 2. c4 e6 3. Nf3 Nf6 4. g3 Be7 5. Bg2 O-O 6. O-O c6 7. Qc2 Nbd7 8. Nbd2
b6 9. e4 dxc4 10. Nxc4 Bb7 11. Bf4 c5 12. Rfe1 cxd4 13. Nd6 Nc5 14. Nxb7 Nxb7
15. Rad1 Rc8 16. Qb1 Nc5 17. Nxd4 Qe8 18. Bf1 Bd8 19. Bb5 Qe7 20. Nc6 Qb7 21. b4
a6 22. bxc5 axb5 23. Nxd8 Rfxd8 24. Rxd8+ Rxd8 25. Qxb5 Nxe4 26. c6 Nc3 27. cxb7
Nxb5 28. b8=Q Rxb8 29. Bxb8 Kf8 30. Rb1 Ke7 31. Rxb5 f6 32. Rxb6 Kf7 33. a4 Kg6
34. a5 h6 35. a6 Kh7 36. a7 h5 37. a8=Q g6 38. Qe4 Kh6 39. Qxe6 h4 40. Qxf6 Kh5
41. Qxg6# 1-0

[Event "Titled Tue 24th Jun Early"]
[Site "chess.com INT"]
[Date "2025.06.24"]
[Round "1"]
[White "Kourkoulos-Arditis, Stamatis"]
[Black "Lissillour, Baptiste"]
[Result "1-0"]
[WhiteTitle "GM"]
[BlackTitle "FM"]
[WhiteElo "2580"]
[BlackElo "2312"]
[WhiteFideId "4221990"]
[BlackFideId "45179620"]
[EventDate "2025.06.24"]

1. b3 Nf6 2. Bb2 g6 3. Nf3 Bg7 4. g3 b6 5. Bg2 Bb7 6. O-O O-O 7. c4 c5 8. Nc3 d5
9. Nxd5 Nxd5 10. Bxg7 Kxg7 11. cxd5 Qxd5 12. d4 cxd4 13. Qxd4+ Qxd4 14. Nxd4
Bxg2 15. Kxg2 Nd7 16. Rac1 Rac8 17. b4 Ne5 18. b5 Rfd8 19. e3 Rc5 20. Rxc5 bxc5
21. Nb3 c4 22. Nd4 c3 23. Rc1 Rc8 24. Nc6 f6 25. Rxc3 a6 26. a4 axb5 27. axb5
Nd7 28. Ra3 Nb8 29. Ra8 1-0

[Event "Titled Tue 24th Jun Early"]
[Site "chess.com INT"]
[Date "2025.06.24"]
[Round "1"]
[White "Salinas Herrera, Pablo"]
[Black "Chen, Yidong"]
[Result "1-0"]
[WhiteTitle "GM"]
[WhiteElo "2447"]
[BlackElo "2074"]
[WhiteFideId "3407128"]
[BlackFideId "8607028"]
[EventDate "2025.06.24"]

1. d4 Nf6 2. Nf3 g6 3. Nbd2 d5 4. e3 Bg7 5. b4 a5 6. b5 O-O 7. c4 c6 8. a4 Bf5
9. Bb2 Re8 10. Be2 Nbd7 11. O-O Ne4 12. Nxe4 Bxe4 13. Qb3 e5 14. Nd2 exd4 15.
Nxe4 Rxe4 16. cxd5 cxd5 17. Bf3 Rh4 18. g3 Rh6 19. Bxd5 Ne5 20. Bxd4 Qd7 21. Bg2
Re8 22. Rfd1 Qg4 23. Qd5 Qh5 24. h3 Qf5 25. g4 1-0